| 000 | 00450nam a2200181Ia 4500 | ||
|---|---|---|---|
| 003 | GCL | ||
| 008 | 140319s9999 xx 000 0 eng d | ||
| 040 |
_aGCL / _cGCL |
||
| 082 | 0 | 4 |
_a863 _bA R |
| 245 | 1 | 0 | _aRECOPILACION YNOTAS DE ALICIA BLEIBERG |
| 260 |
_a[S.N] : _bALIANZA EDITORIAL ، _c1987 |
||
| 300 | _a382 P | ||
| 650 | 0 | 4 | _aLITERATURE |
| 650 | 0 | 4 | _aFICTION |
| 650 | 0 | 4 | _aSPANISH LITERATURE |
| 650 | 0 | 4 | _aSPANISH FICTION |
| 942 |
_2ddc _cBK |
||
| 999 |
_c10647 _d10647 |
||